Minecraft Items - D (26.1) - Statistics

General Stats
  • This quiz has been taken 15 times
  • The average score is 42 of 91
Answer Stats
Items % Correct
Dark Oak Button
88%
Dark Oak Door
88%
Dark Oak Fence
88%
Dark Oak Log
88%
Dark Oak Planks
88%
Dark Oak Slab
88%
Dark Oak Trapdoor
88%
Dark Oak Wood
88%
Dark Oak Boat
75%
Dark Oak Boat with Chest
75%
Dark Oak Fence Gate
75%
Dark Oak Hanging Sign
75%
Dark Oak Pressure Plate
75%
Dark Oak Sign
75%
Dark Oak Stairs
75%
Diamond
75%
Diamond Axe
75%
Diamond Hoe
75%
Diamond Ore
75%
Diamond Pickaxe
75%
Diamond Shovel
75%
Diamond Sword
75%
Dark Oak Leaves
63%
Dark Oak Sapling
63%
Dark Oak Shelf
63%
Deepslate
63%
Deepslate Bricks
63%
Deepslate Brick Slab
63%
Deepslate Brick Stairs
63%
Deepslate Brick Wall
63%
Deepslate Coal Ore
63%
Deepslate Diamond Ore
63%
Deepslate Emerald Ore
63%
Deepslate Gold Ore
63%
Deepslate Iron Ore
63%
Deepslate Lapis Lazuli Ore
63%
Deepslate Redstone Ore
63%
Diamond Boots
63%
Diamond Chestplate
63%
Diamond Helmet
63%
Diamond Leggings
63%
Diamond Spear
63%
Dirt
63%
Dead Bush
50%
Deepslate Copper Ore
50%
Deepslate Tiles
50%
Deepslate Tile Slab
50%
Deepslate Tile Stairs
50%
Deepslate Tile Wall
50%
Diamond Horse Armor
50%
Dark Prismarine
38%
Dark Prismarine Slab
38%
Dark Prismarine Stairs
38%
Daylight Detector
38%
Dispenser
38%
Dropper
38%
Dandelion
25%
Dead Brain Coral
25%
Dead Brain Coral Block
25%
Dead Tube Coral
25%
Dead Tube Coral Block
25%
Diamond Nautilus Armor
25%
Diorite
25%
Diorite Slab
25%
Diorite Stairs
25%
Diorite Wall
25%
Dried Kelp
25%
Dried Kelp Block
25%
Dead Brain Coral Fan
13%
Dead Bubble Coral
13%
Dead Bubble Coral Block
13%
Dead Bubble Coral Fan
13%
Dead Fire Coral
13%
Dead Fire Coral Block
13%
Dead Fire Coral Fan
13%
Dead Horn Coral
13%
Dead Horn Coral Block
13%
Dead Horn Coral Fan
13%
Dead Tube Coral Fan
13%
Detector Rail
13%
Dragon Egg
13%
Dragon Head
13%
Dragon's Breath
13%
Dried Ghast
13%
Dripstone Block
13%
Dune Armor Trim
13%
Damaged Anvil
0%
Danger Pottery Sherd
0%
Dead Coral Block
0%
Decorated Pot
0%
Disc Fragment
0%
No matching quizzes found
Score Distribution
Percent of People with Each Score
Percentile by Number Answered
Your Score History
You have not taken this quiz